Statistics for Города России с населением свыше 100 тыс. человек на 2021 год

Click here to take the quiz!

General Stats

  • This quiz has been taken 2 559 times
    (2 302 since last reset)
  • The average score is 65 of 172

Answer Stats

Место в РоссииНаселениеAnswerСубъект% Correct
113 010 112МоскваГород федерального значения
99%
25 601 911Санкт-ПетербургГород федерального значения
98%
131 099 344КраснодарКраснодарский край
89%
31 634 505НовосибирскНовосибирская область
88%
111 142 162Ростов-на-ДонуРостовская область
86%
61 249 861Нижний НовгородНижегородская область
86%
121 125 695ОмскОмская область
86%
88224 286Великий НовгородНовгородская область
86%
161 028 036ВолгоградВолгоградская область
84%
51 308 660КазаньТатарстан
84%
91 173 299СамараСамарская область
83%
81 187 771КрасноярскКрасноярский край
83%
71 189 525ЧелябинскЧелябинская область
83%
141 057 681ВоронежВоронежская область
80%
151 034 002ПермьПермский край
80%
41 544 376ЕкатеринбургСвердловская область
80%
17901 361СаратовСаратовская область
80%
18847 488ТюменьТюменская область
78%
25617 264ИркутскИркутская область
77%
23617 441ХабаровскХабаровский край
77%
40490 449КалининградКалининградская область
75%
33543 654ОренбургОренбургская область
75%
29556 478ТомскТомская область
75%
28557 119КемеровоКемеровская область
73%
41475 629АстраханьАстраханская область
73%
27593 958ЯрославльЯрославская область
73%
55339 978БелгородБелгородская область
73%
53349 951ВладимирВладимирская область
73%
42473 622ТулаТульская область
72%
35528 599РязаньРязанская область
72%
101 144 809УфаБашкортостан
71%
44440 052КурскКурская область
71%
74270 384МурманскМурманская область
71%
46466 078СочиКраснодарский край
70%
43468 212КировКировская область
70%
47416 219ТверьТверская область
70%
31547 820СевастопольГород федерального значения
70%
24617 352УльяновскУльяновская область
70%
37501 109ПензаПензенская область
69%
39496 447ЛипецкЛипецкая область
69%
26577 279ВладивостокПриморский край
69%
32547 443СтавропольСтавропольский край
68%
68301 199АрхангельскАрхангельская область
68%
50379 152БрянскБрянская область
68%
61316 570СмоленскСмоленская область
65%
57337 058КалугаКалужская область
63%
52355 443ЯкутскЯкутия (Саха)
63%
59328 533ГрозныйЧеченская Республика
62%
76261 803ТамбовТамбовская область
61%
75267 481КостромаКостромская область
61%
64313 944ВологдаВологодская область
61%
51361 644ИвановоИвановская область
61%
65310 911КурганКурганская область
59%
54340 540СимферопольКрым
57%
22623 254МахачкалаДагестан
54%
67303 169ОрёлОрловская область
53%
95193 082ПсковПсковская область
51%
19684 709ТольяттиСамарская область
47%
21623 472ИжевскУдмуртия
47%
58334 427ЧитаЗабайкальский край
45%
45437 565Улан-УдэБурятия
45%
84234 897ПетрозаводскКарелия
43%
20630 877БарнаулАлтайский край
42%
38496 403ЧебоксарыЧувашия
42%
69295 830ВладикавказСеверная Осетия-Алания
41%
71281 248Йошкар-ОлаМарий Эл
40%
63314 871СаранскМордовия
39%
77257 128ХимкиМосковская область
38%
73275 795НовороссийскКраснодарский край
38%
157107 473Ханты-МансийскХМАО
38%
111164 900Петропавловск-КамчатскийКамчатский край
37%
30548 434Набережные ЧелныТатарстан
37%
34
537 480НовокузнецкКемеровская область
34%
48410 594МагнитогорскЧелябинская область
34%
79247 054НальчикКабардино-Балкарская Республика
33%
116154 621КерчьКрым
33%
93220 580СыктывкарКоми
32%
82241 437БлаговещенскАмурская область
32%
49396 443СургутХМАО
31%
104181 587Южно-СахалинскСахалинская область
31%
36520 962БалашихаМосковская область
30%
56338 966Нижний ТагилСвердловская область
30%
108174 453НорильскКрасноярский край
30%
78255 429МытищиМосковская область
28%
62314 934ПодольскМосковская область
28%
83238 505Комсомольск-на-АмуреХабаровский край
27%
122146 473ПятигорскСтавропольский край
27%
101184 769АбаканХакасия
27%
96224 814ОрскОренбургская область
27%
80245 120ТаганрогРостовская область
26%
167102 583ЭлистаКалмыкия
26%
138125 241КызылТыва
26%
87225 428ЭнгельсСаратовская область
25%
70283 256НижневартовскХМАО
24%
86226 452ШахтыРостовская область
24%
124143 385МайкопАдыгея
23%
66312 091ЧереповецВологодская область
23%
89224 195ЛюберцыМосковская область
23%
135127 518ДербентДагестан
22%
90225 037БратскИркутская область
22%
81241 479НижнекамскТатарстан
21%
156107 877ЕвпаторияКрым
20%
99187 634КрасногорскМосковская область
20%
110165 725СызраньСамарская область
19%
72277 410СтерлитамакБашкортостан
19%
134127 521КисловодскСтавропольский край
19%
123146 403ЭлектростальМосковская область
19%
128134 850КоломнаМосковская область
19%
103182 383РыбинскЯрославская область
19%
94227 326ДзержинскНижегородская область
18%
151113 226ЧеркесскКарачаево-Черкесская Республика
18%
97198 433БийскАлтайский край
18%
171100 352ТобольскТюменская область
18%
60321 427ВолжскийВолгоградская область
17%
168101 756[Сергиев ПосадМосковская область
17%
125139 931НаходкаПриморский край
17%
105180 530ОдинцовоМосковская область
17%
118152 404ДомодедовоМосковская область
17%
109168 048ВолгодонскРостовская область
16%
85228 095КоролёвМосковская область
16%
100186 147АрмавирКраснодарский край
16%
91221 676Старый ОсколБелгородская область
15%
159105 572МуромВладимирская область
15%
155109 556АртёмПриморский край
15%
106180 393УссурийскПриморский край
15%
154110 868ПушкиноМосковская область
14%
144119 658ЕссентукиСтавропольский край
14%
112164 192Каменск-УральскийСвердловская область
14%
160107 251Новый УренгойЯНАО
14%
113163 674НовочеркасскРостовская область
14%
107179 742СеверодвинскАрхангельская область
14%
114163 512АльметьевскТатарстан
14%
166102 664АрзамасНижегородская область
14%
115161 774ЗлатоустЧелябинская область
13%
117148 274ХасавюртДагестан
13%
119148 575СалаватБашкортостан
13%
120147 995МиассЧелябинская область
13%
131133 793СерпуховМосковская область
13%
162105 745Орехово-ЗуевоМосковская область
13%
92224 630АнгарскИркутская область
13%
142121 508ОбнинскКалужская область
12%
143120 907ДолгопрудныйМосковская область
12%
132133 581КаспийскДагестан
12%
150113 871РеутовМосковская область
12%
158106 879КамышинВолгоградская область
11%
153111 222ЖуковскийМосковская область
11%
133131 945НефтекамскБашкортостан
11%
172100 188НоябрьскЯНАО
11%
147114 537РаменскоеМосковская область
11%
144121 674НовомосковскТульская область
11%
140122 350НазраньИнгушетия
11%
139124 732НефтеюганскХМАО
11%
137126 988БатайскРостовская область
11%
136127 481НовочебоксарскЧувашия
11%
130134 074КовровВладимирская область
11%
163103 891НогинскМосковская область
10%
170100 621АчинскКрасноярский край
10%
102184 466БалаковоСаратовская область
10%
121147 806КопейскЧелябинская область
10%
129
134 211[
ЩёлковоМосковская область
10%
152112 388ДимитровградУльяновская область
10%
127138 069БерезникиПермский край
9%
126139 565РубцовскАлтайский край
9%
161105 238СеверскТомская область
8%
165103 480НовошахтинскРостовская область
8%
145117 562[НевинномысскСтавропольский край
8%
169101 490ВидноеМосковская область
8%
146115 557ОктябрьскийБашкортостан
8%
98187 877ПрокопьевскКемеровская область
8%
164103 544БердскНовосибирская область
7%
148114 450ПервоуральскСвердловская область
7%
149114 133МихайловскСтавропольский край
6%

Score Distribution

Percentile by Number Answered

Percent of People with Each Score

Your Score History

You have not taken this quiz since the last reset